000
00252nam a2200097Ia 4500
001
706120
005
20250826162443.0
008
250824s9999 xx 000 0 und d
245
0
_a
BABAM SULTAN ABDÜLHAMİT
_c
AYŞE OSMANOĞLU
260
_b
TİMAŞ YAYINLARI
999
_c
706120
_d
706120